Kluby w playoffach Ligi Mistrzów 2006/07 - Statystyki

Ogólne statystyki
  • Ten quiz został rozwiązany 89 razy
  • Średni wynik to 14 z 16
Statystyki odpowiedzi
Klub Kraj % Poprawnych
FC Barcelona Hiszpania
100%
Real Madryt Hiszpania
100%
Manchester United Anglia
99%
Inter Mediolan Włochy
98%
A.C. Milan Włochy
96%
Chelsea Londyn Anglia
96%
Liverpool Anglia
96%
Bayern Monachium Niemcy
95%
FC Porto Portgalia
95%
Arsenal Londyn Anglia
91%
Celtic Glasgow Szkocja
90%
PSV Holandia
90%
Olympique Lyon Francja
80%
AS Roma Włochy
78%
Valencia Hiszpania
68%
Lille Franjca
43%
Nie znaleziono quizów pasujących do podanych kryteriów
Rozkład punktacji
Procent ludzi z każdym wynikiem
Percentyl według liczby udzielonych odpowiedzi
Twoja historia wyników
Nie rozwiązałeś tego quizu